| 000 | 00695nam a2200205 4500 | ||
|---|---|---|---|
| 001 | 126409 | ||
| 003 | ES-MaACL | ||
| 005 | 20230906192820.0 | ||
| 007 | t| | ||
| 008 | 070214s1968 sp r ||||1| spa d | ||
| 100 | 1 |
_aRenoirte, Fernand. _996230 |
|
| 245 | 1 | 0 |
_aElementos de crítica de las ciencias y Cosmología / _cFernand Renoirte ; [versión castellana de Rafael Martínez Ferri]. |
| 260 |
_aMadrid : _bGredos, _c1968. |
||
| 300 |
_a273 p. ; _c20 cm. |
||
| 490 | 1 |
_aBiblioteca hispánica de Filosofía ; _v6 |
|
| 700 | 1 |
_aMartínez Ferri, Rafael. _978084 |
|
| 830 | 0 |
_aBiblioteca hispánica de Filosofía ; _v6 _9181000 |
|
| 852 |
_aES-MaACL _jC-34745 _bR.66663 |
||
| 999 |
_c126409 _d126409 |
||